| 000 | 00612nam a2200193 a 4500 | ||
|---|---|---|---|
| 005 | 20230323063511.0 | ||
| 008 | 030506s2002 mx r 000 0 spa d | ||
| 020 | _a9707220104 | ||
| 035 | _aUPN01000123895 | ||
| 049 | _aCG | ||
| 050 | 4 |
_aF1236 _bP4.6 |
|
| 245 | 0 | 3 |
_aEl pensamiento conservador en México / _ccomp. Dora Kanoussi. |
| 260 |
_aMéxico : _bBenemérita Universidad Autónoma de Puebla : _bPlaza y Valdés, _c2002. |
||
| 300 | _a180 p. | ||
| 651 | 4 |
_aMéxico _xPolítica y gobierno _ySiglo XX _94442 |
|
| 650 | 4 |
_aCONSERVADURISMO - _zMEXICO _91272 |
|
| 700 | 1 |
_aKanoussi, Dora, _ecomp. |
|
| 905 | _aLibro | ||
| 999 |
_c96074 _d96074 |
||